000 00418nam a2200157Ia 4500
003 GCL
008 140319s9999 xx 000 0 eng d
040 _aGCL /
_cGCL
082 0 4 _a759
_bS D
100 1 _aSTANGOS, NIKOS
245 1 0 _aDAVID HOCKNEY BY DAVID HOCKNEY MY EARLY YEARS /
_cSTANGOS, NIKOS
260 _a[S.N] :
_bTHAMES AND HUDSON ،
_c1988
300 _a312
650 0 4 _aHOCKNEY, DAVID
942 _2ddc
_cBK
999 _c24551
_d24551